[Event "CHN-ch Blitz Open 2018"]
[Site "Tianjin"]
[Date "2018.06.08"]
[Round "6.11"]
[White "Liu, Yan"]
[Black "Chu, Wei Chao"]
[Result "1-0"]
[WhiteElo "2466"]
[BlackElo "2297"]
[Annotator "TA"]
[PlyCount "93"]
[EventDate "2018.06.07"]
[EventType "blitz"]
[EventRounds "9"]
[EventCountry "CHN"]
[SourceTitle "playchess.com"]
[Source "ChessBase"]
[SourceQuality "1"]

{[%evp 24,93,48,43,48,35,44,33,46,26,49,14,70,63,65,-39,64,33,51,51,24,23,20,-53,-19,-88,-75,-66,-61,-71,-49,-56,-35,-103,0,0,0,-16,-18,-47,-58,-70,-68,-150,249,236,252,225,225,208,674,407,378,-510,771,769,757,690,1553,1542,1544,1472,2316,2307,3603,3110,12838,12839,12839,12839,5729,5808]} 1. Nf3 Nf6 2. c4 c5 3. g3 b6 4. Bg2 Bb7 5. O-O e6 6. b3 Be7 7. Bb2 O-O 8. d4 cxd4 9. Qxd4 d6 10. Nc3 a6 11. e4 Nbd7 12. Rfd1 Qc7 13. Qe3 Rfd8 {A30: Symmetrical English: Double Fianchetto and Hedgehog} 14. Rac1 Rac8 15. Nd4 Qb8 {White is slightly better.} 16. h3 Bf8 17. g4 {[%cal Bg3g4,Bg4g5][%mdl 32] [#]} Nc5 $146 (17... h6 $11) ({Predecessor:} 17... h6 18. Nde2 {½-½ (18) Lalic,B (2560)-Shariyazdanov,A (2530) Porec 1998}) 18. g5 $14 Nfd7 19. b4 ({Better is} 19. Rc2 $14) 19... e5 (19... Ne5 $1 $15) 20. Nf5 Ne6 $1 21. Nd5 Bxd5 22. exd5 Nf4 23. a4 (23. Bf1 $11) 23... a5 24. Bc3 (24. bxa5 $11 bxa5 25. Ba3) 24... axb4 25. Bxb4 g6 26. Ng3 Nc5 27. Bxc5 bxc5 28. Bf1 (28. Ne2 $15) 28... Qb4 (28... h6 $17 29. gxh6 Bxh6) 29. Ra1 $11 Qa5 30. Ne4 Rb8 31. Nf6+ Kg7 32. h4 Be7 $36 {[%mdl 2048] Black has the initiative.} 33. Ng4 ({White should play} 33. Ne4 $15) 33... h5 $2 {[#]} (33... f6 $17 {and life is bright.} 34. gxf6+ Bxf6 35. Nxf6 Kxf6) 34. Nxe5 $1 $18 {[%mdl 512]} dxe5 35. Qxe5+ Kg8 {Strongly threatening ...Bd6.} 36. Qxe7 ({Don't do} 36. Qxf4 $6 Bd6) 36... Qc3 $2 (36... Re8 37. Qd6 Ne2+ 38. Bxe2 Rbd8) 37. Qe4 Nh3+ 38. Kg2 $4 {[%mdl 8192] [#]} (38. Bxh3 $1 $18 Qxh3 39. a5) 38... Re8 $4 {[%mdl 8192]} (38... Rb2 $19 39. Rd3 Nxf2 40. Qxg6+ fxg6 41. Rxc3 Ne4+ 42. Kh1 Nxc3) 39. Qf3 {White is clearly winning.} Qxf3+ 40. Kxf3 Rb2 41. Bxh3 Ree2 42. Rf1 Rec2 43. a5 {[%cal Ba4a5,Ba5a6,Ba6a7][%mdl 32]} Rb3+ 44. Kg2 Rxc4 45. a6 Rb8 46. a7 Ra8 47. Rfb1 {Precision: White = 32%, Black = 30%.} 1-0

[Event "CHN-ch Blitz Open 2018"]
[Site "Tianjin"]
[Date "2018.06.08"]
[Round "6.12"]
[White "Lou, Yiping"]
[Black "Li, Yankai"]
[Result "0-1"]
[WhiteElo "2419"]
[BlackElo "2337"]
[Annotator "TA"]
[PlyCount "72"]
[EventDate "2018.06.07"]
[EventType "blitz"]
[EventRounds "9"]
[EventCountry "CHN"]
[SourceTitle "playchess.com"]
[Source "ChessBase"]
[SourceQuality "1"]

{[%evp 14,72,19,17,14,19,26,0,24,7,18,-7,0,-20,0,0,0,0,0,-14,0,-53,53,16,139,28,23,24,39,29,42,-40,14,-142,58,21,80,0,4,-184,-168,-275,-173,-290,-120,-194,189,-56,-62,-610,-588,-5389,-3234,-29984,-29984,-29976,-29979,-29987,-5690,-29995,-29993]} 1. d4 d5 2. c4 e6 3. Nf3 Nf6 4. g3 dxc4 5. Bg2 Bd7 6. Ne5 Bc6 7. Nxc6 Nxc6 8. O-O Qd7 {E04: Open Catalan: 5 Nf3} 9. e3 O-O-O (9... Rd8 10. Qe2 e5 11. Nc3 Be7 12. Qxc4 exd4 13. Rd1 O-O 14. Bxc6 Qxc6 15. Qxc6 bxc6 16. Rxd4 Rxd4 17. exd4 {½-½ (31) Yilmaz,M (2619)-Can,E (2603) Reykjavik 2018}) 10. Qa4 Nd5 $1 {The position is equal.} 11. Qxc4 h5 12. Nc3 h4 13. Bd2 hxg3 14. hxg3 f5 15. Rfc1 g5 16. Qa4 {And now Nb5 would win.} Kb8 $146 (16... Qh7 $6 17. Nxd5 exd5 18. Rxc6 $18) 17. Rab1 (17. Nxd5 $11 exd5 18. a3) 17... Bg7 (17... Qh7 $6 18. Nxd5 exd5 19. Rxc6 $14) (17... Nb6 $1 $15 18. Qb5 (18. Bxc6 bxc6 19. Qd1 e5 $17) 18... a6) 18. b4 Nxc3 (18... Nb6 $11 {remains equal.} 19. Qc2 e5) 19. Bxc3 ({White must play} 19. Rxc3 $16 Nxd4 20. Qxd7 Ne2+ 21. Kf1 Nxg3+ 22. fxg3 Rxd7 23. Rc2) 19... Ne7 $11 20. b5 {White wants to play Rb3.} Nd5 {...f4 is the strong threat.} 21. Ba5 $1 Rc8 22. Bd2 (22. Rc6 $1 $14 f4 23. Ra6 $3 {[%mdl 512]} fxg3 24. fxg3) 22... Bf6 ({Black should try} 22... Qf7 $15) 23. Qc4 $2 (23. Rb3 $11 Be7 24. Qc4) 23... Nb6 $2 (23... f4 $1 $17 {White must now prevent ...fxg3.} 24. Qd3 (24. exf4 gxf4 25. Rb3 fxg3 $17) 24... fxg3 25. fxg3 Qd6) 24. Qe2 Rcd8 (24... Rh6 $11) 25. Bc3 (25. a4 $16) 25... Nd5 26. a4 $2 (26. Ba5 $11) 26... f4 $1 $36 {[%mdl 2048] Black has strong initiative.} ({Worse is} 26... Qh7 27. Ba5 $11) ({Not} 26... Nxc3 27. Rxc3 e5 28. dxe5 $16) 27. a5 (27. Be1 $142 fxe3 28. Rb3) 27... fxg3 ({Don't play} 27... Qh7 28. Bd2 $19) 28. fxg3 (28. b6 {was necessary.}) 28... Qd6 (28... Qh7 $19 {is more deadly.} 29. b6 cxb6 30. Bxd5 Rxd5) 29. Be1 {[#]} (29. Qg4 $17) 29... e5 $4 {[%mdl 8192]} (29... Nxe3 $1 $19 {[%mdl 512] avoids the disaster.} 30. Qf3 (30. Qxe3 Bxd4) 30... Nxg2) 30. a6 $2 (30. e4 $18) 30... exd4 $15 {Threatens to win with ...Be5.} 31. e4 $2 {[%mdl 8192]} (31. b6 $15 cxb6 32. axb7) 31... Nc3 $19 32. Bxc3 dxc3 33. b6 Bd4+ 34. Kf1 Rdf8+ 35. Bf3 cxb6 (35... g4 $142 36. bxa7+ Kxa7 37. axb7 Rxf3+ 38. Qxf3 Qa6+ 39. Rb5 gxf3 40. b8=Q+ Rxb8 41. Ke1 Rxb5 42. Kd1 Rb2 43. g4 Qf1#) 36. axb7 g4 {Precision: White = 10%, Black = 35%.} 0-1

[Event "CHN-ch Blitz Open 2018"]
[Site "Tianjin"]
[Date "2018.06.08"]
[Round "6.13"]
[White "Xiang, Zeyu"]
[Black "Zeng, Chongsheng"]
[Result "0-1"]
[WhiteElo "2293"]
[BlackElo "2477"]
[Annotator "TA"]
[PlyCount "35"]
[EventDate "2018.06.07"]
[EventType "blitz"]
[EventRounds "9"]
[EventCountry "CHN"]
[SourceTitle "playchess.com"]
[Source "ChessBase"]
[SourceQuality "1"]

{[%evp 15,35,21,31,22,56,45,69,10,0,0,0,-11,-12,-45,-47,-72,-66,-78,-77,-142,-100,-748]} 1. d4 d5 2. c4 e6 3. Nf3 c6 4. e3 Bd6 5. Bd3 f5 6. O-O Nf6 7. b3 Qe7 8. a4 {[%cal Ba2a4,Ba4a5][%mdl 32]} O-O 9. Ba3 {A84: Dutch Defence: 2 c4 Miscellaneous} Nbd7 10. a5 Ne4 11. Ne5 $146 ({White should play} 11. Bxd6 $14 Qxd6 12. Qc2) ({Predecessor:} 11. Bxd6 Qxd6 12. Qc2 Rf6 13. Nc3 Rh6 14. g3 g5 15. Bxe4 fxe4 16. Nxg5 Qe7 {1-0 (75) So,W (2650)-Sambuev,B (2542) Montreal 2012}) 11... Nxe5 $11 12. dxe5 Bxa3 13. Nxa3 Qc7 14. b4 Qxe5 15. Qe2 Bd7 16. Rfc1 Rae8 17. b5 (17. f3 $142) 17... c5 18. Nb1 $2 {[%mdl 8192]} (18. f4 $17 Qf6 19. Bxe4 dxe4 20. Rd1) 0-1

[Event "CHN-ch Blitz Open 2018"]
[Site "Tianjin"]
[Date "2018.06.08"]
[Round "6.14"]
[White "Zhao, Zhouqiao Chn"]
[Black "Ye, Rongguang"]
[Result "0-1"]
[WhiteElo "2294"]
[BlackElo "2415"]
[Annotator "TA"]
[PlyCount "115"]
[EventDate "2018.06.07"]
[EventType "blitz"]
[EventRounds "9"]
[EventCountry "CHN"]
[SourceTitle "playchess.com"]
[Source "ChessBase"]
[SourceQuality "1"]

{[%evp 11,115,42,50,23,23,30,29,16,23,0,11,-10,11,-22,9,0,0,-6,-3,-10,-7,-37,0,-30,-3,-7,9,0,0,-17,-18,-32,-26,-26,-16,-152,-62,-128,-129,-123,-62,-62,-54,-75,-48,-64,-8,-42,-3,-194,-195,-193,-183,-179,0,-216,-215,-414,-379,-588,-17,-197,0,0,0,-94,-94,-104,-98,-985,-840,-11362,-12689,-29974,-29976,-29975,-29976,-29972,-29957,-29959,-29960,-29963,-29965,-29964,-29961,-29963,-29962,-29960,-29962,-29963,-29964,-29962,-29946,-29963,-29960,-29966,-12732,-29978,-29979,-29983,-29983,-29986,-29985,-29987,-29988,-29993]} 1. d4 d5 2. Bf4 e6 3. e3 Bd6 4. Bg3 f5 (4... Ne7 5. Nf3 c5 6. c3 Nbc6 7. Nbd2 Nf5 8. Bxd6 Qxd6 9. Bd3 Nfe7 10. O-O O-O 11. Re1 h6 12. e4 cxd4 {0-1 (37) Grischuk,A (2781)-Topalov,V (2798) Stavanger 2015}) 5. c4 c6 6. Nf3 {D00: 1 d4 d5: Unusual lines} Nf6 {LiveBook: 3 Games} 7. Nbd2 O-O 8. Bxd6 {White has an edge.} Qxd6 9. Ne5 (9. Bd3 {feels hotter.} b6 10. O-O Nbd7 11. cxd5 cxd5 12. a4) 9... Nbd7 10. Nxd7 $146 ({Predecessor:} 10. Ndf3 Ne4 11. Qb3 Qc7 12. Bd3 Qa5+ 13. Ke2 Nxe5 14. Nxe5 Qd2+ {0-1 (14) Balogh,L (2205)-Sapi,J (2225) Gyongyos 1995}) 10... Bxd7 11. Be2 f4 12. O-O e5 13. dxe5 Qxe5 14. exf4 Qxf4 15. cxd5 Nxd5 16. Nf3 (16. Nb3 {looks sharper.} Rad8 17. Bf3 Bc8 18. Nc5 Qh6 19. Bxd5+ Rxd5 20. Qb3) 16... Rad8 (16... Rae8 {is more complex.} 17. Rc1 Bg4 18. Nd4 Bxe2 19. Nxe2 Qf7) 17. Qd4 Qxd4 (17... Bg4 {seems wilder.} 18. Qxf4 Rxf4 19. a3 Re4 20. Bd1 Re7) 18. Nxd4 Kh8 19. Rfe1 c5 $36 {[%mdl 2048] Black has some pressure.} 20. Nb3 b6 21. Rac1 Ba4 22. Bc4 Nb4 23. Na1 (23. Re7 $11 {keeps the balance.}) 23... b5 (23... Rd2 $17 24. Re2 Rxe2 25. Bxe2 Nxa2) 24. a3 (24. Bf1 $15 c4 25. b3 Nxa2 26. bxa4 Nxc1 27. Rxc1) 24... bxc4 $17 25. axb4 cxb4 (25... Rd2 $17 26. b5 Rdxf2) 26. Rxc4 $15 a5 (26... Rfe8 {is more complex.} 27. Rec1 a5 28. b3 Bb5 29. R4c2 a4) 27. b3 Bb5 28. Rc2 Rd3 (28... Rfe8 $15 29. Rec1 a4 30. bxa4 Bxa4) 29. h3 h6 {Black wants to play ...a4.} 30. Re5 $2 (30. Ra2 $11) 30... Rd1+ $19 31. Kh2 Bd3 ({Inferior is} 31... Rxa1 32. Rxb5 Ra3 33. Rb2 $11) 32. Ra2 {[#]} Bb1 $2 (32... a4 $1 $19 {[%cal Ra4a3][%mdl 512] White must now prevent ...a3.} 33. Rd5 (33. Rxa4 Rxf2) 33... a3) 33. Raxa5 $2 (33. Rb2 $11) 33... Rxf2 34. Re8+ $2 (34. Rad5 Rxd5 35. Rxd5) 34... Kh7 35. Re3 (35. h4 $142) 35... Ba2 $2 (35... Rdd2 $19 36. h4 Rxg2+ 37. Kh3 Rg1) 36. Rg3 $2 {[#]} (36. Ra7 $1 $11 {and White is okay.}) 36... Rxa1 $2 (36... Rff1 $1 $19 {[%csl Gd1][%cal Rf1h1]} 37. Rg4 Rxa1) 37. Ra7 $11 Kh8 {aiming for ...Rff1.} 38. Rgxg7 (38. Ra8+ $11 Kh7 39. Ra7) 38... Bxb3 $17 39. Rh7+ Kg8 40. Rhg7+ $2 {[%mdl 8192]} (40. Rag7+ $17 Kf8 41. Rb7) 40... Kf8 $19 41. Rxa1 Kxg7 {[%mdl 4096] Endgame KRB-KR} 42. Rb1 Bd5 43. Kg3 Rxg2+ 44. Kf4 Rh2 45. Ke5 Bf7 46. Rxb4 Rxh3 47. Rg4+ Kf8 48. Rf4 Rh5+ 49. Kf6 Ra5 50. Rb4 Ra6+ 51. Kf5 Kg7 52. Rg4+ Rg6 53. Rb4 h5 {[%cal Bh6h5,Bh5h4,Bh4h3][%mdl 32]} 54. Rb7 h4 {Black mates.} 55. Rb4 h3 56. Rh4 Be6+ 57. Kf4 Rh6 58. Ke5 {Precision: White = 10%, Black = 30%.} 0-1

[Event "CHN-ch Blitz Open 2018"]
[Site "Tianjin"]
[Date "2018.06.08"]
[Round "7.1"]
[White "Wang, Hao"]
[Black "Dai, Changren"]
[Result "1-0"]
[WhiteElo "2779"]
[BlackElo "2278"]
[Annotator "TA"]
[PlyCount "119"]
[EventDate "2018.06.07"]
[EventType "blitz"]
[EventRounds "9"]
[EventCountry "CHN"]
[SourceTitle "playchess.com"]
[Source "ChessBase"]
[SourceQuality "1"]

{[%evp 20,119,26,24,91,102,101,92,103,87,91,84,108,106,114,90,150,150,191,179,208,206,327,322,348,322,362,354,347,246,268,255,255,235,269,263,262,262,286,284,308,256,350,189,171,0,266,245,389,349,343,50,469,469,501,431,439,430,440,325,400,330,430,410,426,397,374,222,221,227,364,345,393,235,228,227,227,218,224,224,209,223,224,210,231,228,416,185,219,181,364,0,218,172,485,459,493,475,600,434,604,472]} 1. e4 e5 2. Nf3 Nc6 3. Bb5 a6 4. Ba4 Nf6 5. O-O Be7 6. Re1 b5 7. Bb3 O-O 8. a4 b4 9. d4 d6 10. dxe5 Nxe5 11. Nbd2 {LiveBook: 18 Games. C88: Closed Ruy Lopez: Anti-Marshall Systems} Be6 $146 (11... Nfd7 $11) ({Predecessor:} 11... Nxf3+ 12. Nxf3 Bb7 13. e5 Nd7 14. Bf4 Nc5 15. Bd5 Bxd5 16. Qxd5 Ne6 17. Bg3 dxe5 18. Qc4 Bc5 {½-½ (44) Harikrishna,P (2744)-Ding,L (2777) Huaian 2017}) 12. Nxe5 $16 dxe5 13. Bxe6 {White is better.} fxe6 14. Qe2 Bc5 15. Nb3 Ba7 16. Be3 Bxe3 17. Qxe3 Ng4 {[#]} (17... Qd6 $142) 18. Qg3 $1 {[%cal Rg3g4]} Rf4 ({Don't go for} 18... Nxf2 $2 19. Re2 $18) 19. Rad1 Qf8 {[%cal Rg4f2]} 20. f3 Nf6 (20... Nh6 $142 21. Qf2 Rf7) 21. Qg5 $18 Ne8 22. Qxe5 Rf6 23. Nc5 Rg6 24. Kh1 Nd6 25. Qd4 a5 26. Nd3 Qe7 27. Qc5 Rh6 28. h3 Qh4 29. Qxc7 Qg3 {[#] intending ...Rc8.} 30. Nf4 $1 {[%mdl 512]} e5 (30... Qxf4 31. Qxd6) 31. Ne2 (31. Nh5 $142 Rxh5 32. Qxd6) 31... Qf2 32. Ng1 $2 (32. Qc6 $18 Rc8 33. Qd5+ Nf7 34. Qb7) 32... Nf7 $2 {[%mdl 8192]} (32... Rc8 $11 {and Black stays safe.} 33. Qxa5 Rxc2) 33. Re2 Qg3 (33... Qb6 {was worth a try.} 34. Qxb6 Rxb6) 34. Qb7 Rf8 35. Qd5 $2 (35. Qa7 $18) 35... Rf6 $2 {[%mdl 8192]} (35... Rd6 $14 36. Qxd6 Nxd6 37. Rxd6 Ra8) 36. Qxa5 Ng5 {[%cal Bf7g5,Bg5e6,Be6f4][%mdl 32]} 37. Qd5+ Kh8 38. Qd2 Ne6 39. Qe1 Qg5 40. Red2 R6f7 41. a5 {[%cal Ba4a5,Ba5a6][%mdl 32]} Nf4 42. a6 Ra7 43. Qf1 (43. g3 $142 Nh5 44. h4) 43... Nh5 {Threatens to win with ...Ng3+.} 44. Ne2 {And now Rd6 would win.} h6 (44... Rxa6 $142 45. Qf2 Rc6) 45. Rd6 Rfa8 46. Qf2 (46. g4 $142) 46... Rxa6 47. Rxa6 Rxa6 48. h4 {[%cal Bh3h4,Bh4h5][%mdl 32]} Qf6 49. g4 Nf4 50. Nxf4 Qxf4 {[%mdl 4096] Endgame KQR-KQR} 51. Kg2 Kh7 52. h5 Ra2 $2 (52... Rc6 53. Qe2 Rc7) 53. b3 (53. Qb6 $142 Ra8 54. Qxb4) 53... Ra8 54. Qe2 Ra2 $2 (54... Rc8 {might work better.} 55. Rd2 Rc7) 55. Qf2 (55. Qc4 $142 Qf6 56. Rd7) 55... Ra8 $1 56. Qd2 Qf6 $2 (56... Rc8 {is tougher.} 57. Qf2 Rc6) 57. Qxb4 {White is clearly winning.} Rf8 58. Qc3 Qg5 59. Qd2 Rf4 60. Qe2 {Precision: White = 49%, Black = 25%.} 1-0

[Event "CHN-ch Blitz Open 2018"]
[Site "Tianjin"]
[Date "2018.06.08"]
[Round "7.2"]
[White "Bai, Jinshi"]
[Black "Xu, Xiangyu"]
[Result "1/2-1/2"]
[WhiteElo "2471"]
[BlackElo "2370"]
[Annotator "TA"]
[PlyCount "52"]
[EventDate "2018.06.07"]
[EventType "blitz"]
[EventRounds "9"]
[EventCountry "CHN"]
[SourceTitle "playchess.com"]
[Source "ChessBase"]
[SourceQuality "1"]

{[%evp 16,52,0,-9,1,0,0,-6,0,0,0,1,0,0,2,-18,0,-15,-19,-29,-30,-37,-22,-17,0,0,0,0,0,-7,0,-10,0,0,0,-22,0,-6,0]} 1. e4 e5 2. Nf3 Nf6 {[%cal Bg8f6,Bf6e4,Be4c3][%mdl 32]} 3. Nxe5 d6 4. Nf3 Nxe4 5. Qe2 Qe7 6. Nc3 Nxc3 7. Qxe7+ Bxe7 8. dxc3 Nc6 {C42: Petroff Defence: 3 Nxe5 and unusual White 3rd moves} 9. Be3 {LiveBook: 3 Games} Be6 10. O-O-O $146 ({Predecessor:} 10. Nd4 Nxd4 11. cxd4 {½-½ (11) Battey,A (2353)-Varga,Z (2452) Budapest 2012}) 10... O-O-O ({Wrong is} 10... Bxa2 $2 11. b3 $18) 11. a3 a6 12. Ng5 Bxg5 13. Bxg5 f6 14. Be3 Ne5 15. Be2 Rhe8 16. Rhe1 Bc4 17. h3 Bxe2 18. Rxe2 Nc4 19. Rde1 {The position is equal.} Nxe3 20. Rxe3 Rxe3 21. Rxe3 $11 {[%mdl 4096] Endgame KR-KR} Kd7 22. Kd2 Re8 23. Rd3 Rf8 24. Re3 Re8 25. Rd3 Rf8 26. Re3 Re8 {Precision: White = 45%, Black = 28%.} 1/2-1/2

[Event "CHN-ch Blitz Open 2018"]
[Site "Tianjin"]
[Date "2018.06.08"]
[Round "7.3"]
[White "Wei, Yi"]
[Black "Wen, Yang"]
[Result "1/2-1/2"]
[WhiteElo "2694"]
[BlackElo "2545"]
[Annotator "TA"]
[PlyCount "54"]
[EventDate "2018.06.07"]
[EventType "blitz"]
[EventRounds "9"]
[EventCountry "CHN"]
[SourceTitle "playchess.com"]
[Source "ChessBase"]
[SourceQuality "1"]

{[%evp 12,54,20,10,12,14,18,2,16,2,8,0,12,32,27,17,35,13,20,25,56,16,21,17,10,10,9,9,22,0,4,7,0,0,0,0,9,3,6,0,0,0,10,0,0]} 1. e4 e5 2. Nf3 Nc6 3. Bc4 Nf6 4. d3 Bc5 5. O-O O-O 6. Nbd2 {[%cal Bb1d2,Bd2f1,Bf1g3][%mdl 32]} d6 7. c3 Ne7 {C54: Giuoco Piano: 4 c3 Nf6, main lines with 5 d4 and 5 d3} 8. Bb3 Ng6 9. h3 c6 10. Re1 Bb6 11. Nf1 (11. d4 Re8 12. Bc2 h6 13. Nf1 d5 14. exd5 e4 15. Ne5 cxd5 16. Nxg6 fxg6 {0-1 (41) Volokitin,A (2628)-Aronian,L (2805) Riadh 2017}) 11... h6 12. Ng3 d5 13. exd5 Nxd5 14. d4 exd4 15. Nxd4 Be6 {[#]} 16. Bc2 $146 {[#] And now Bxg6 would win.} Ndf4 {The position is equal.} 17. Nxe6 Qxd1 18. Rxd1 Nxe6 19. Re1 {next Bxg6 is good for White.} Rfe8 20. Be3 Bxe3 21. Rxe3 Ngf4 22. Rae1 Rad8 23. Nf1 Nd5 24. R3e2 Ndf4 25. Re3 Nd5 26. R3e2 Ndf4 27. Re3 Nd5 {Precision: White = 63%, Black = 78%.} 1/2-1/2

[Event "CHN-ch Blitz Open 2018"]
[Site "Tianjin"]
[Date "2018.06.08"]
[Round "7.4"]
[White "Xu, Yinglun"]
[Black "Gao, Rui"]
[Result "1/2-1/2"]
[WhiteElo "2487"]
[BlackElo "2446"]
[Annotator "TA"]
[PlyCount "69"]
[EventDate "2018.06.07"]
[EventType "blitz"]
[EventRounds "9"]
[EventCountry "CHN"]
[SourceTitle "playchess.com"]
[Source "ChessBase"]
[SourceQuality "1"]

{[%evp 16,69,14,-4,5,2,16,8,28,0,27,33,28,29,34,28,38,26,42,21,28,31,45,48,134,147,120,124,127,129,132,-30,14,14,15,12,12,12,12,16,68,42,42,42,42,42,42,32,32,32,36,32,32,0,45,0]} 1. d4 Nf6 2. c4 g6 3. Nf3 Bg7 4. Nc3 d5 5. cxd5 Nxd5 6. g3 Nxc3 7. bxc3 c5 8. Bg2 Nc6 9. e3 {LiveBook: 23 Partien} Qa5 {D71: Grünfeldindisch (Fianchetto)} (9... O-O 10. O-O Qc7 11. a4 Rd8 12. Ba3 b6 13. Qe2 Rb8 14. Rab1 Na5 15. dxc5 Be6 16. Rfd1 bxc5 17. Rxd8+ Rxd8 18. Qb5 Rc8 {0-1 (39) Sanal,V (2501)-Salem,A (2624) Berlin 2015}) 10. Bd2 Qa6 11. Bf1 Qb6 {Die Stellung ist ausgeglichen.} (11... Qa3 {looks sharper.} 12. Qb3 Qxb3 13. axb3 cxd4 14. cxd4 O-O) 12. Rb1 Qc7 13. d5 {Und Da4 würde nun gewinnen.} Ne5 14. Nxe5 Bxe5 15. Bg2 c4 $146 ({Vorgänger:} 15... O-O 16. O-O Rb8 17. c4 {½-½ (43) Manojlovic,S (2077)-Kholopov,A (2289) Senta 2012}) 16. O-O O-O 17. e4 e6 18. f4 Bg7 19. dxe6 $1 Bxe6 {[#]} (19... fxe6 $14 20. e5 Qc5+ 21. Kh1 Rb8) 20. f5 $1 $16 {[%cal Rf5e6]} gxf5 21. exf5 Qc5+ 22. Kh1 Bxf5 {[#]} 23. Rxb7 $2 (23. Qh5 $1 $16 Qd6 24. Qxf5 Qxd2 25. Rxb7) 23... Rad8 24. Qh5 Rxd2 25. Rxf5 Rd1+ $1 26. Qxd1 Qxf5 27. Qf1 Qxf1+ 28. Bxf1 $11 {[%mdl 4096] Endspiel KTL-KTL} a5 29. Bxc4 Bxc3 30. Rc7 Bb2 31. a4 Kg7 32. Kg2 Kg6 33. Bd3+ Kg7 34. Bc4 Kg6 35. Bd3+ {Precision: Weiß = 48%, Schwarz = 51%.} 1/2-1/2

[Event "CHN-ch Blitz Open 2018"]
[Site "Tianjin"]
[Date "2018.06.08"]
[Round "7.5"]
[White "Wan, Yunguo"]
[Black "Yu, Yangyi"]
[Result "0-1"]
[WhiteElo "2605"]
[BlackElo "2799"]
[Annotator "TA"]
[PlyCount "52"]
[EventDate "2018.06.07"]
[EventType "blitz"]
[EventRounds "9"]
[EventCountry "CHN"]
[SourceTitle "playchess.com"]
[Source "ChessBase"]
[SourceQuality "1"]

{[%evp 17,52,33,31,0,35,39,83,72,79,81,87,83,76,0,10,6,0,-318,-336,-305,-235,-228,-228,-414,-353,-528,-517,-683,-669,-686,-679,-29990,-29991,-29991,-29970,-29992,-751]} 1. e4 e5 2. Nf3 Nf6 3. Nxe5 d6 4. Nf3 Nxe4 5. d4 d5 6. Bd3 Be7 7. O-O O-O 8. c4 Nf6 9. Nc3 Nc6 {LiveBook: 170 Games} 10. Bg5 {C42: Petroff Defence: 3 Nxe5 and unusual White 3rd moves} (10. cxd5 Nb4 11. Re1 Nbxd5 12. h3 c6 13. a3 Re8 14. Qc2 h6 15. Nxd5 Nxd5 16. Ne5 Bd6 17. Bh7+ Kf8 18. Bd2 Be6 19. Re2 Nf6 20. Rae1 Qc7 {1-0 (28) Carlsen,M (2827)-Granda Zuniga,J (2653) Douglas 2017}) 10... Bg4 11. cxd5 Nxd5 12. Bxe7 {White is better.} Ndxe7 $146 {[#]} ({Predecessor:} 12... Ncxe7 13. Bxh7+ Kh8 14. Be4 f5 15. Bc2 Qd6 16. Bb3 Rad8 17. Qd3 Nf4 {½-½ (27) Folk,P (2279)-Baumruk,J (2112) Tatranske Zruby 2001}) 13. Bxh7+ $1 {[%mdl 512]} Kh8 (13... Kxh7 14. Ng5+) 14. Be4 f5 15. Bc2 ({White should play} 15. Bxc6 $1 $16 Nxc6 16. Re1) 15... Ng6 $11 16. h3 Bh5 $1 17. Bxf5 $2 {[%mdl 8192]} (17. d5 $11 {and White stays safe.} Nb4 18. g4 fxg4 19. Bxg6 Bxg6 20. Ne5 (20. hxg4 Bc2 $17)) 17... Rxf5 $19 18. g4 Nh4 19. Nxh4 Qxh4 20. Qd3 $2 {[#]} (20. Kg2 Raf8 21. f3) 20... Nxd4 $1 {[%mdl 512] aiming for ...Nf3+.} 21. Qxd4 (21. Qg3 $142 Qxg3+ 22. fxg3 Rxf1+ 23. Rxf1) 21... Qxh3 22. f3 {Threatening Rf2.} Qg3+ 23. Kh1 Rxf3 {( -> ...Qh4+)} 24. gxh5 Qh3+ {Black mates.} 25. Kg1 Rg3+ 26. Kf2 Qg2+ {Precision: White = 22%, Black = 90%.} (26... Re8 $142 27. Ne4 Rg2+ 28. Ke1 {[#]} Rxe4+ $1 {[%mdl 512]} 29. Qxe4 Qg3+ 30. Kd1 Qd6+ 31. Qd5 Qxd5+ 32. Kc1 Qd2+ 33. Kb1 Qxb2#) 0-1